[Event "American Continental-ch 2018"]
[Site "Montevideo"]
[Date "2018.06.03"]
[Round "3"]
[White "Mafra, Kaiser Luiz"]
[Black "Soto Vega, Jorge"]
[Result "1-0"]
[WhiteElo "2116"]
[BlackElo "2357"]
[Annotator "TA"]
[PlyCount "104"]
[EventDate "2018.??.??"]
[EventType "swiss"]
[EventCountry "URU"]
[SourceTitle "playchess.com"]
[Source "ChessBase"]
[SourceQuality "1"]

{[%evp 14,104,24,-14,35,32,76,13,69,50,102,87,160,166,149,100,171,177,145,70,79,66,74,0,8,12,18,0,0,0,0,0,33,30,42,0,0,0,0,2,18,8,86,31,93,47,130,70,161,58,107,0,0,0,74,72,71,-71,-71,-89,-71,-71,-71,-72,-65,-69,-66,-172,-136,-136,-136,-136,-136,-137,-118,-118,-118,-118,-118,-118,-118,-118,-76,-76,-8,-116,0,-29981,-29982,-29978,-29980,-29998,-29999]} 1. c4 Nf6 2. g3 g6 3. Bg2 Bg7 4. Nc3 O-O 5. Nf3 d6 6. O-O Nc6 7. Rb1 a5 8. a3 {LiveBook: 136 Games} Nh5 {A16: English Opening: 1...Nf6 with ...d5} (8... e5 9. d3 h6 10. b4 axb4 11. axb4 Be6 12. b5 Ne7 13. Bb2 Qd7 14. Re1 Bh3 15. Bh1 Ng4 16. Qb3 c6 17. Ra1 Rab8 18. Ra7 Qd8 19. e3 f5 20. d4 e4 21. Nd2 g5 22. bxc6 bxc6 23. Rb7 c5 24. Rxb8 Qxb8 25. Nb5 Kh8 26. f3 exf3 27. Bxf3 Nf6 28. Ra1 f4 29. Ra8 Qb6 {1-0 (29) Spoelman,W (2583)-Nijboer,F (2566) Amsterdam 2015}) 9. d4 {[%cal Bd2d4,Bd4d5][%mdl 32]} Bg4 $146 ({Predecessor:} 9... Bf5 10. e4 Bg4 11. Be3 Qc8 12. Qd2 f5 13. exf5 Bxf5 14. Rbe1 Bh3 15. d5 Bxg2 16. Kxg2 {½-½ (38) Bartelborth,T (2210)-Vatter,H (2335) Germany 1988}) 10. h3 (10. d5 $16 Ne5 11. Nxe5 Bxe5 12. Qd3) 10... Bd7 (10... Bxf3 $11 11. Bxf3 Nxd4) 11. e4 {[%cal Be2e4,Be4e5,Be5e6][%mdl 32]} f5 (11... e5 $14) 12. e5 Kh8 (12... dxe5 $142 13. dxe5 Qc8) 13. e6 $16 Be8 14. d5 Na7 (14... Ne5 $16) 15. a4 $18 c6 16. Qb3 (16. Qd3 $16) 16... b5 $14 17. axb5 cxb5 18. Nxb5 (18. Bd2 $16) 18... Nxb5 19. cxb5 Rb8 20. Rd1 Bxb5 21. Qa3 Qb6 22. Be3 $36 {[%mdl 2048] White has good play.} Qa6 23. Bd4 Nf6 24. Nd2 Bh6 25. f4 Kg8 26. Ra1 a4 27. Rdc1 Rbc8 (27... Nh5 $11) 28. b3 (28. Rxc8 $1 $16 Rxc8 29. Bxf6 Qa7+ 30. Kh2 exf6 31. b3) 28... Nh5 (28... Rxc1+ $14 29. Qxc1 (29. Rxc1 g5 $16) 29... Nh5 30. bxa4 Nxg3 31. axb5 Ne2+ 32. Kh1 Qxb5) 29. bxa4 {Threatens to win with Rxc8.} Bd3 ({Black should try} 29... Rxc1+ $14 30. Rxc1 (30. Qxc1 Nxg3 31. axb5 Ne2+ 32. Kh1 Qxb5 $16) 30... Qxa4 31. Qxa4 Bxa4) 30. Nf1 (30. Kh2 $16) 30... g5 (30... Bxf1 $14 31. Bxf1 Qa5) 31. Rxc8 ({Better is} 31. Bf3 $1 $18 {[%cal Rf3h5]} Bg7 32. Bxg7 Nxg7 33. fxg5) 31... Rxc8 {[#]} 32. Rc1 (32. Bf3 $1 $16 {[%cal Rf3h5]} Qc4 33. Qb2) 32... Rxc1 $11 33. Qxc1 gxf4 (33... Qxa4 $11 34. Bb2 Bxf1 35. Bxf1 gxf4 36. Qc8+ Bf8) 34. Qc6 $16 {Qe8+ would kill now.} Kf8 35. Qc7 (35. a5 $16) 35... Qxa4 $17 36. Qc8+ Qe8 37. Qc3 Bxf1 $1 38. Bxf1 Nxg3 39. Bf2 {[%cal Rc3h8]} Bg7 40. Qc2 (40. Qc6 $1 $15) 40... Be5 41. Bxg3 {[#]} Qg6 $1 42. Kh1 fxg3 43. Bd3 h5 {Hoping for ...Qg5.} 44. Kg2 Qg5 {And now ...Bd4 would win.} 45. Bxf5 Kg7 46. Bh7 Qh6 47. Bd3 Bd4 48. Qe2 Bf6 (48... Qf4 $17) 49. Be4 (49. Kxg3 $11 {keeps the balance.} Qg5+ 50. Kf3) 49... Qc1 (49... Qg5 $17 50. Bf3 h4) 50. Qxh5 $2 {[%mdl 8192]} (50. Kxg3 $11 Kh6 51. Kf3) 50... Qd2+ {Black mates.} 51. Kxg3 Be5+ 52. Kh4 Qf2+ {[%mdl 32768] Precision: White = 31%, Black = 32%. . Loss on Time!?} 1-0

[Event "American Continental-ch 2018"]
[Site "Montevideo"]
[Date "2018.06.03"]
[Round "3"]
[White "Santos Filho, Tadeu Sousa"]
[Black "Lujan, Carolina"]
[Result "1/2-1/2"]
[WhiteElo "2096"]
[BlackElo "2341"]
[Annotator "NA"]
[PlyCount "65"]
[EventDate "2018.??.??"]
[EventType "swiss"]
[EventCountry "URU"]
[SourceTitle "playchess.com"]
[Source "ChessBase"]
[SourceQuality "1"]
[TimeControl "40/5400+30:1800+30"]

1. e4 {[%emt 0:03:02]} c5 {[%emt 0:00:21]} 2. Nc3 {[%emt 0:00:22]} a6 {[%emt 0:00:19]} 3. Nge2 {[%emt 0:08:28]} e6 {[%emt 0:00:59]} 4. g3 {[%emt 0:00:09]} b5 {[%emt 0:05:40]} 5. a3 {[%emt 0:04:16]} Bb7 {[%emt 0:01:23]} 6. Bg2 {[%emt 0:00:08]} Nc6 {[%emt 0:03:35]} 7. O-O {[%emt 0:00:11]} d6 {[%emt 0:27:20]} 8. d3 {[%emt 0:07:26]} Nf6 {[%emt 0:01:06]} 9. h3 {[%emt 0:05:45]} Be7 {[%emt 0:04:43]} 10. Bg5 {[%emt 0:02:41]} Nxe4 {[%emt 0:14:49]} 11. Bxe7 {[%emt 0:02:54]} Nxc3 {[%emt 0:01:43]} 12. Bxd8 {[%emt 0:00:25]} Nxd1 {[%emt 0:00:03]} 13. Bc7 {[%emt 0:00:42]} Nxb2 14. Bxd6 {[%emt 0:02:26]} Na4 {[%emt 0:02:25]} 15. Bxc6+ {[%emt 0:26:49]} Bxc6 {[%emt 0:00:18]} 16. d4 {[%emt 0:00:07]} c4 {[%emt 0:04:05]} 17. f3 {[%emt 0:06:00]} O-O-O {[%emt 0:02:28]} 18. Bf4 {[%emt 0:00:36]} f6 {[%emt 0:01:47]} 19. Bd2 {[%emt 0:04:05]} Rd7 {[%emt 0:07:40]} 20. Ba5 {[%emt 0:01:50]} e5 {[%emt 0:02:53]} 21. dxe5 {[%emt 0:04:39]} Re8 {[%emt 0:00:49]} 22. Kf2 {[%emt 0:01:35]} Rxe5 {[%emt 0:00:35]} 23. Rad1 {[%emt 0:01:44]} c3 {[%emt 0:07:13]} 24. Rxd7 {[%emt 0:02:02]} Bxd7 {[%emt 0:00:02]} 25. Rd1 {[%emt 0:03:21]} Bxh3 {[%emt 0:02:43]} 26. g4 {[%emt 0:00:25]} h5 {[%emt 0:00:08]} 27. Rd8+ {[%emt 0:00:16]} Kb7 {[%emt 0:00:03]} 28. Rd7+ {[%emt 0:01:04]} Kc6 {[%emt 0:02:48]} 29. Rxg7 {[%emt 0:00:18]} hxg4 {[%emt 0:01:02]} 30. fxg4 {[%emt 0:01:42]} Re4 {[%emt 0:02:08]} 31. Kf3 {[%emt 0:03:04]} Bg2+ {[%emt 0:00:03]} 32. Kf2 {[%emt 0:00:15]} Bh3 {[%emt 0:00:03]} 33. Kf3 {[%emt 0:01:30]} 1/2-1/2

[Event "American Continental-ch 2018"]
[Site "Montevideo"]
[Date "2018.06.03"]
[Round "3"]
[White "Cervantes Landeiro, Thalia"]
[Black "Aranha Filho, Alvaro Z"]
[Result "1-0"]
[WhiteElo "2087"]
[BlackElo "2304"]
[Annotator "NA"]
[PlyCount "87"]
[EventDate "2018.??.??"]
[EventType "swiss"]
[EventCountry "URU"]
[SourceTitle "playchess.com"]
[Source "ChessBase"]
[SourceQuality "1"]
[TimeControl "40/5400+30:1800+30"]

1. d4 {[%emt 0:00:00]} Nf6 {[%emt 0:01:46]} 2. c4 {[%emt 0:00:00]} e6 {[%emt 0:00:10]} 3. Nc3 {[%emt 0:00:00]} Bb4 {[%emt 0:00:05]} 4. Nf3 {[%emt 0:00:00]} d5 {[%emt 0:00:15]} 5. cxd5 {[%emt 0:00:15]} exd5 {[%emt 0:00:07]} 6. Bg5 {[%emt 0:00:24]} h6 {[%emt 0:00:21]} 7. Bh4 {[%emt 0:01:24]} Bf5 {[%emt 0:00:53]} 8. Qb3 {[%emt 0:02:14]} Nc6 {[%emt 0:08:20]} 9. e3 {[%emt 0:02:43]} O-O {[%emt 0:23:33]} 10. Bb5 {[%emt 0:02:14]} g5 {[%emt 0:23:38]} 11. Bg3 {[%emt 0:11:49]} Bd6 {[%emt 0:08:45]} 12. O-O {[%emt 0:11:43]} Bxg3 {[%emt 0:03:45]} 13. hxg3 {[%emt 0:00:52]} Ne7 {[%emt 0:00:33]} 14. Ne5 {[%emt 0:03:51]} c6 {[%emt 0:01:03]} 15. Be2 {[%emt 0:01:38]} Rb8 {[%emt 0:15:01]} 16. f3 {[%emt 0:07:36]} Kg7 {[%emt 0:00:39]} 17. g4 {[%emt 0:02:02]} Bh7 {[%emt 0:00:30]} 18. Nd1 {[%emt 0:10:02]} Ne8 {[%emt 0:02:20]} 19. Nf2 {[%emt 0:01:25]} Nd6 {[%emt 0:00:19]} 20. Nh1 {[%emt 0:05:39]} f6 {[%emt 0:04:02]} 21. Nd3 {[%emt 0:00:18]} Bg6 {[%emt 0:00:01]} 22. Nc5 {[%emt 0:00:47]} Bf7 {[%emt 0:00:24]} 23. Ng3 {[%emt 0:00:35]} b6 {[%emt 0:00:59]} 24. Nh5+ {[%emt 0:01:14]} Kh8 {[%emt 0:00:01]} 25. Na6 {[%emt 0:00:43]} Bxh5 {[%emt 0:04:46]} 26. Nxb8 {[%emt 0:01:25]} Bf7 {[%emt 0:00:01]} 27. Na6 {[%emt 0:00:17]} Nc4 {[%emt 0:00:32]} 28. Qc3 {[%emt 0:01:27]} Ng6 {[%emt 0:00:49]} 29. b3 {[%emt 0:00:44]} Nd6 {[%emt 0:00:48]} 30. Nb4 {[%emt 0:01:47]} a5 {[%emt 0:00:24]} 31. Nxc6 {[%emt 0:01:26]} Qd7 {[%emt 0:00:14]} 32. a4 {[%emt 0:04:26]} Re8 {[%emt 0:00:36]} 33. Bb5 {[%emt 0:01:14]} Nh4 {[%emt 0:00:38]} 34. Ne5 {[%emt 0:02:41]} Nxb5 {[%emt 0:00:07]} 35. Nxf7+ {[%emt 0:00:09]} Qxf7 {[%emt 0:00:06]} 36. axb5 {[%emt 0:00:02]} Qe6 {[%emt 0:00:06]} 37. Rac1 {[%emt 0:02:44]} Qxe3+ {[%emt 0:01:01]} 38. Qxe3 {[%emt 0:00:09]} Rxe3 {[%emt 0:00:05]} 39. Rc8+ {[%emt 0:00:56]} Kg7 {[%emt 0:00:12]} 40. Rfc1 {[%emt 0:00:26]} f5 {[%emt 0:30:41]} 41. R1c7+ {[%emt 0:31:58]} Kf6 {[%emt 0:01:04]} 42. Rf8+ {[%emt 0:00:22]} Kg6 {[%emt 0:00:13]} 43. gxf5+ {[%emt 0:00:11]} Nxf5 {[%emt 0:00:54]} 44. Rc6+ {[%emt 0:00:04]} 1-0

[Event "American Continental-ch 2018"]
[Site "Montevideo"]
[Date "2018.06.03"]
[Round "3"]
[White "Sauvageot Ledezma, Diego"]
[Black "Grabinsky, Aaron"]
[Result "0-1"]
[WhiteElo "2084"]
[BlackElo "2296"]
[Annotator "NA"]
[PlyCount "88"]
[EventDate "2018.??.??"]
[EventType "swiss"]
[EventCountry "URU"]
[SourceTitle "playchess.com"]
[Source "ChessBase"]
[SourceQuality "1"]
[TimeControl "40/5400+30:1800+30"]

1. d4 {[%emt 0:00:00]} Nf6 {[%emt 0:00:11]} 2. c4 {[%emt 0:00:00]} e6 {[%emt 0:00:08]} 3. Nc3 {[%emt 0:00:08]} Bb4 {[%emt 0:00:07]} 4. Nf3 {[%emt 0:00:55]} c5 {[%emt 0:00:25]} 5. g3 {[%emt 0:01:11]} Nc6 {[%emt 0:01:13]} 6. Bg2 {[%emt 0:07:18]} d6 {[%emt 0:00:34]} 7. O-O {[%emt 0:00:30]} Bxc3 {[%emt 0:00:04]} 8. bxc3 {[%emt 0:00:06]} O-O {[%emt 0:02:16]} 9. Bg5 {[%emt 0:12:05]} h6 {[%emt 0:06:16]} 10. Bxf6 {[%emt 0:00:48]} Qxf6 {[%emt 0:00:02]} 11. Rb1 {[%emt 0:02:01]} Rb8 {[%emt 0:04:21]} 12. Nd2 {[%emt 0:02:36]} Na5 {[%emt 0:01:47]} 13. Ne4 {[%emt 0:12:45]} Qe7 {[%emt 0:00:09]} 14. dxc5 {[%emt 0:08:17]} dxc5 {[%emt 0:00:12]} 15. Qd6 {[%emt 0:00:14]} Qxd6 {[%emt 0:00:20]} 16. Nxd6 {[%emt 0:00:05]} b6 {[%emt 0:00:52]} 17. Rfd1 {[%emt 0:06:27]} Ba6 {[%emt 0:03:43]} 18. Nb5 {[%emt 0:00:41]} Bxb5 {[%emt 0:03:15]} 19. cxb5 {[%emt 0:00:22]} Rfd8 {[%emt 0:00:06]} 20. Kf1 {[%emt 0:11:57]} Nc4 {[%emt 0:02:21]} 21. Ke1 {[%emt 0:01:01]} Na3 {[%emt 0:00:22]} 22. Rb2 {[%emt 0:00:56]} Rxd1+ {[%emt 0:00:08]} 23. Kxd1 {[%emt 0:00:06]} Rd8+ {[%emt 0:00:04]} 24. Rd2 {[%emt 0:07:00]} Rxd2+ {[%emt 0:00:52]} 25. Kxd2 {[%emt 0:00:05]} Nxb5 {[%emt 0:00:07]} 26. Kd3 {[%emt 0:00:09]} Nd6 {[%emt 0:01:07]} 27. Bc6 {[%emt 0:01:54]} e5 {[%emt 0:07:34]} 28. Bd5 {[%emt 0:04:03]} Kf8 {[%emt 0:00:56]} 29. f4 {[%emt 0:02:14]} exf4 {[%emt 0:02:31]} 30. gxf4 {[%emt 0:00:17]} g5 {[%emt 0:00:10]} 31. e3 {[%emt 0:05:22]} Ke7 {[%emt 0:00:50]} 32. Bf3 {[%emt 0:00:51]} Ke6 {[%emt 0:00:46]} 33. Bg4+ {[%emt 0:00:47]} f5 {[%emt 0:00:10]} 34. Bf3 {[%emt 0:00:04]} g4 {[%emt 0:00:09]} 35. Bc6 {[%emt 0:00:39]} h5 {[%emt 0:00:21]} 36. c4 {[%emt 0:01:02]} h4 {[%emt 0:00:35]} 37. Bd5+ {[%emt 0:01:15]} Kf6 {[%emt 0:00:13]} 38. Bg2 {[%emt 0:00:55]} h3 {[%emt 0:00:22]} 39. Bh1 {[%emt 0:01:14]} Ne4 {[%emt 0:00:16]} 40. Kc2 {[%emt 0:04:40]} g3 {[%emt 0:30:13]} 41. hxg3 {[%emt 0:30:13]} Nxg3 {[%emt 0:00:14]} 42. Bf3 {[%emt 0:00:00]} h2 {[%emt 0:00:00]} 43. Kd3 {[%emt 0:00:00]} h1=Q {[%emt 0:00:00]} 44. Bxh1 {[%emt 0:00:00]} Nxh1 {[%emt 0:00:00]} 0-1

[Event "American Continental-ch 2018"]
[Site "Montevideo"]
[Date "2018.06.03"]
[Round "4"]
[White "Cori, Jorge"]
[Black "Morovic Fernandez, Ivan"]
[Result "1-0"]
[WhiteElo "2659"]
[BlackElo "2513"]
[Annotator "TA"]
[PlyCount "145"]
[EventDate "2018.??.??"]
[EventType "swiss"]
[EventCountry "URU"]
[SourceTitle "playchess.com"]
[Source "ChessBase"]
[SourceQuality "1"]

{[%evp 20,145,46,37,42,43,37,28,77,52,61,60,77,79,75,80,75,75,79,45,45,65,54,48,94,89,86,54,60,47,75,81,83,53,86,43,48,48,68,63,75,77,87,39,42,46,45,17,45,21,11,11,8,8,62,62,57,49,62,62,77,85,94,98,95,80,105,0,102,103,101,68,65,68,66,68,68,65,66,52,60,39,73,16,24,0,14,15,49,49,41,51,60,66,51,56,84,27,27,27,41,33,65,59,59,62,70,80,83,83,446,439,322,0,29961,29959,29966,29967,29965,29966,29966,29967,29966,29966,29956,12739,8502,7703]} 1. d4 Nf6 2. c4 e6 3. Nf3 d5 4. Nc3 Be7 5. Bg5 O-O 6. e3 h6 7. Bxf6 Bxf6 8. Qc2 c5 9. dxc5 dxc4 10. Bxc4 Qa5 11. O-O {LiveBook: 33 Games. Strongly threatening Ne4. D55: Queen's Gambit Declined: 4 Bg5 Be7: Lines without ...h6 and 6...h6 7 Bxf6} Qxc5 (11... Bxc3 12. Qxc3 Qxc3 13. bxc3 Nd7 14. c6 bxc6 15. Rab1 Nb6 16. Be2 Bd7 17. Ne5 Rfd8 18. Bf3 Be8 19. Bxc6 {1-0 (49) Bu,X (2656)-Wang,Y (2690) Danzhou 2012}) 12. Ne4 Qe7 13. Rfd1 {White is slightly better.} a6 $146 ({Predecessor:} 13... Bd7 14. Rac1 Bc6 15. Nxf6+ Qxf6 16. Nd4 Qh4 17. Qb3 Qe7 18. h3 Be8 {1-0 (62) Almada,E (2354)-Sadeghi,H (2223) Switzerland 2011}) 14. Rac1 Nc6 15. Bb3 Na5 16. Nxf6+ Qxf6 {[#]} 17. Qc7 $1 {[%cal Rc7a5]} Nxb3 18. axb3 e5 19. Qxe5 Qxe5 20. Nxe5 Be6 21. b4 Rfc8 22. h3 Bb3 23. Rxc8+ (23. Re1 {seems wilder.} Bd5 24. Nd7 Re8 25. Nc5 b6 26. Nd7) 23... Rxc8 $16 {[%mdl 4096] Endgame KRB-KRN} 24. Rd3 Rc1+ 25. Kh2 Be6 26. Rd2 Ra1 27. g4 g5 28. Kg2 Ra4 29. Rd4 Ra2 30. Nd3 b5 31. Nc5 Rxb2 32. Nxa6 Bc4 33. Kg3 Kg7 34. Rd6 Rb1 35. Rd2 Rg1+ 36. Kh2 Ra1 (36... Rb1 $11) 37. Nb8 $14 Rb1 38. Nc6 Be6 39. Rd4 Kf6 40. Rd6 Rb2 41. Kg3 Rb3 42. Rd1 Kg6 43. Rd6 Kf6 $1 44. h4 Rb1 45. hxg5+ (45. h5 {is interesting.} Kg7 46. f3 Bc4 47. e4 Rb2 48. Rd1) 45... hxg5 46. f4 gxf4+ 47. exf4 {[%cal Be3f4,Bf4f5][%mdl 32]} Kg7 $1 48. f5 Bc4 49. Kg2 Rb2+ 50. Kf3 Rb1 51. Kf2 (51. Ke3 $16) 51... f6 $11 52. Kg2 Rb2+ 53. Kg3 Rb3+ 54. Kh4 Rb1 $1 55. Nb8 Kf7 56. Rb6 {Hoping for Nd7.} Rh1+ 57. Kg3 {Black must now prevent Nd7.} Rd1 58. Nc6 ({White should play} 58. Rb7+ $16 Ke8 59. Na6) 58... Rg1+ 59. Kf4 Rf1+ 60. Ke3 Rg1 61. Nd4 Rxg4 62. Nxb5 {And now Kf3 would win.} Bxb5 63. Rxb5 $14 {KR-KR} Ke7 64. Rb6 Kd7 $2 {[%mdl 8192] [#]} (64... Rc4 $16 65. b5 Rc5) 65. b5 $1 $18 Rb4 66. Kf3 $2 (66. Rxf6 Rxb5 67. Kf4 Ke7 $11) (66. Kd3 $18) 66... Kc7 $2 {[%mdl 8192]} (66... Rb2 $11) 67. Rxf6 Rxb5 68. Kf4 Kd7 69. Re6 Rb1 70. Kg5 Rg1+ 71. Kf6 Rh1 72. Re4 (72. Re2 $142 Rf1 73. Kg6 Kd6 74. f6 Rf3 75. f7 Rg3+ 76. Kh6 Rh3+ 77. Kg7 Rg3+ 78. Kh6) 72... Rf1 73. Kg6 {Precision: White = 59%, Black = 50%.} 1-0

[Event "American Continental-ch 2018"]
[Site "Montevideo"]
[Date "2018.06.03"]
[Round "4"]
[White "Mareco, Sandro"]
[Black "Jodorcovsky Werjivker, Paulo"]
[Result "1-0"]
[WhiteElo "2643"]
[BlackElo "2249"]
[Annotator "TA"]
[PlyCount "73"]
[EventDate "2018.??.??"]
[EventType "swiss"]
[EventCountry "URU"]
[SourceTitle "playchess.com"]
[Source "ChessBase"]
[SourceQuality "1"]

{[%evp 9,73,0,20,8,28,10,18,21,29,21,23,18,16,23,52,45,71,64,68,53,100,127,113,122,118,119,111,82,82,82,82,77,74,70,71,89,63,69,94,97,104,103,117,108,118,116,120,77,68,77,125,126,228,225,230,237,228,220,227,209,417,406,536,554,548,546]} 1. Nf3 d5 2. c4 e6 3. g3 dxc4 4. Bg2 c6 5. a4 Nd7 6. Qc2 {A13: English Opening: 1...e6} Ngf6 7. Qxc4 $146 ({Predecessor:} 7. O-O Be7 8. Na3 O-O 9. Nxc4 Nd5 10. d4 Nb4 11. Qb3 c5 12. Rd1 Nc6 13. Be3 {½-½ (96) Kotsur,P (2579)-Othman,A (2360) Bled 2002}) 7... Bd6 8. a5 {The position is equal.} a6 9. d3 O-O 10. Nbd2 e5 11. O-O Qe7 12. Qc2 Nc5 13. Nc4 Bg4 14. b3 {[%cal Bb2b3,Bb3b4][%mdl 32]} Ncd7 15. Nxd6 Qxd6 {[#]} 16. Ba3 $1 {[%cal Ra3d6]} c5 17. Rfc1 Rfc8 18. Qb2 Rab8 19. b4 b6 20. axb6 Qxb6 21. Qd2 cxb4 22. Rxc8+ Rxc8 23. Qxb4 Qxb4 24. Bxb4 h6 25. h3 ({Of course not} 25. Rxa6 Rc1+ 26. Bf1 Nd5 $11) 25... Be6 26. Rxa6 Rc1+ 27. Kh2 Rc2 28. Nd2 Nd5 29. Ba5 Nc5 30. Rc6 Rc1 (30... Bd7 $16 31. Bxd5 Bxc6 32. Bxc6 Nxd3) 31. Nc4 $18 Nb3 32. Nxe5 Ra1 33. Bd8 Ra2 34. e4 {[%cal Be2e4,Be4d5][%mdl 32]} Rxf2 $2 {[#]} (34... Nb4) 35. Kg1 Re2 36. exd5 Rxg2+ 37. Kxg2 {Precision: White = 87%, Black = 44%.} 1-0

[Event "American Continental-ch 2018"]
[Site "Montevideo"]
[Date "2018.06.03"]
[Round "4"]
[White "Flores, Diego"]
[Black "Hoffman, Alejandro"]
[Result "1-0"]
[WhiteElo "2614"]
[BlackElo "2475"]
[Annotator "TA RC"]
[PlyCount "87"]
[EventDate "2018.??.??"]
[EventType "swiss"]
[EventCountry "URU"]
[SourceTitle "playchess.com"]
[Source "ChessBase"]
[SourceQuality "1"]

{[%evp 24,87,0,0,64,77,65,72,63,44,96,95,106,98,112,86,109,105,97,102,98,96,93,60,70,48,60,45,50,49,68,55,83,48,79,55,82,68,60,41,58,47,85,88,108,112,203,149,121,89,80,95,133,141,285,285,240,177,152,164,331,303,328,318,382,363]} 1. Nf3 d5 2. g3 g6 3. Bg2 Bg7 4. O-O e5 5. d3 Ne7 6. e4 O-O 7. c3 a5 8. a4 Nbc6 9. Na3 h6 10. exd5 Nxd5 11. Nc4 Re8 12. Re1 Bf5 13. Qb3 {LiveBook: 10 Games. A07: Réti Opening: New York and Capablanca Systems} (13. h3 Nb6 14. Nxb6 cxb6 15. Be3 Bxd3 16. Bxb6 Qxb6 17. Qxd3 Qxb2 18. Rab1 e4 19. Rxe4 Qxc3 20. Rxe8+ Rxe8 21. Qxc3 Bxc3 22. Rxb7 Ne5 23. Nxe5 Rxe5 24. Bf1 {½-½ (26) Kramnik,V (2783)-Anand,V (2797) Zuerich 2015}) 13... Nb6 (13... Bxd3 $11 14. Nfd2 Nde7) 14. Nxb6 $14 cxb6 15. Be3 {White is slightly better.} Qxd3 16. Qxb6 Qd7 $146 (16... e4 $14 17. Nh4 Bc8) ({Predecessor:} 16... Qa6 17. Qxa6 Rxa6 {1-0 (50) Franzen,J (2258)-Urhegyi,M (2267) Banska Stiavnica 2017}) 17. Rad1 $16 Qc8 {[#]} 18. Nd2 $1 Bg4 19. Rc1 Ra6 20. Qc5 Bf8 21. Qb5 Bd7 22. Qe2 f5 23. Nc4 Qc7 24. Bd5+ Kh7 $1 25. Rcd1 Nd8 $1 26. b3 Bg7 27. Qd2 {Hoping for Bxb7.} Re7 28. Na3 Be6 29. Nb5 $36 {[%mdl 2048] White has good play.} Qb8 30. Bg2 Nf7 31. c4 e4 32. f3 exf3 33. Bxf3 Ne5 34. Bg2 Ng4 (34... Rd7 $16 35. Qe2 Qc8) 35. Bf4 Qc8 36. Bf3 Rd7 37. Qe2 Qc5+ 38. Kg2 g5 {[#]} (38... Bf8 $16 39. h3 Nf6) 39. Bd6 $1 $18 {[%cal Rd6c5][%mdl 512]} Raxd6 40. Rxd6 Rxd6 41. Nxd6 Ne5 $2 (41... Bc3) 42. Rd1 (42. Nxb7 Qc7 $14) 42... b6 43. g4 fxg4 44. Bd5 {Precision: White = 68%, Black = 44%.} 1-0

[Event "American Continental-ch 2018"]
[Site "Montevideo"]
[Date "2018.06.03"]
[Round "4"]
[White "Cruz, Cristhian"]
[Black "Vazquez, Guillermo"]
[Result "1-0"]
[WhiteElo "2576"]
[BlackElo "2436"]
[Annotator "TA"]
[PlyCount "71"]
[EventDate "2018.??.??"]
[EventType "swiss"]
[EventCountry "URU"]
[SourceTitle "playchess.com"]
[Source "ChessBase"]
[SourceQuality "1"]

{[%evp 15,71,-16,-14,-15,-10,-10,-19,-14,-6,-26,-18,-29,-11,-20,0,-21,0,0,-8,-17,0,-8,0,-138,-129,-124,-76,-166,-159,-172,-160,-225,-169,-193,-189,-182,-203,-204,-196,-169,-92,-110,-110,-154,297,306,291,292,286,15,318,318,451,451,470,466,29991,29992]} 1. Nf3 d5 2. c4 e6 3. e3 Nf6 4. b3 b6 5. Bb2 Bb7 6. cxd5 {A13: English Opening: 1...e6} exd5 7. Bb5+ c6 8. Be2 Bd6 {LiveBook: 3 Games} 9. O-O Nbd7 10. Nc3 O-O 11. Rc1 Qe7 $146 ({Predecessor:} 11... Re8 12. Re1 Rc8 {1-0 (69) Dubov,D (2696)-Wei,Y (2734) Liaocheng 2018}) 12. Rc2 a6 13. Qa1 b5 14. d4 Rae8 15. Nd2 h5 {[%cal Bh7h5,Bh5h4,Bh4h3,Bh3g2][%mdl 32]} 16. Qd1 h4 17. Bf3 Bb8 18. Re1 Nh7 19. e4 (19. g3 $11 {keeps the balance.}) 19... Ng5 $17 20. e5 h3 21. Nf1 (21. Bg4 $17) 21... f6 $19 {[%cal Rf6e5,Bf7f6,Bf6f5][%mdl 32]} 22. e6 hxg2 (22... Nxe6 23. Bg4 $15) 23. Ng3 (23. Bxg2 $17 {was worth a try.} Nxe6 24. Rce2) 23... Qd6 (23... Nxe6 24. Bh5 $17) 24. Bg4 f5 $1 {[%cal Rf5g4]} ({Don't take} 24... Nxe6 25. Ba3 $1 $15 {[%mdl 512]}) 25. exd7 Rxe1+ 26. Qxe1 {Threatens to win with Bc1.} fxg4 27. Qe8 Bc7 (27... a5 $1 $19 {Hoping for ...Qf6.} 28. Kxg2 Qf6) 28. Kxg2 Nf3 29. Re2 {[#]} Nxd4 $2 {[#]} (29... a5 $1 $17 30. Nd1 Qh6) 30. Nxb5 $1 $18 {[%mdl 512]} cxb5 ({Not} 30... Nxb5 $2 31. Be5 $18) (30... axb5 31. Bxd4) 31. Bxd4 {Black must now prevent Re7.} Bc6 32. Qe7 $2 (32. Be5 $18 d4+ 33. Kf1 Bxd7 34. Bxd6 Bxe8 35. Bxc7) 32... Qxe7 $4 {[%mdl 8192]} (32... Qxd7 $11 {and Black stays safe.} 33. Qg5 Rf7) 33. Rxe7 Rf7 (33... Rd8 $142 34. Rxg7+ Kf8) 34. Re8+ $1 Rf8 35. Rc8 Bxg3 (35... Bxd7 $18 36. Rxc7 Rf7) 36. Rxf8+ {Precision: White = 43%, Black = 34%.} ({Stronger than} 36. hxg3 Bxd7 37. Rc7 Rf7 $11) 1-0

[Event "American Continental-ch 2018"]
[Site "Montevideo"]
[Date "2018.06.03"]
[Round "4"]
[White "Pichot, Alan"]
[Black "Panjwani, Raja"]
[Result "1/2-1/2"]
[WhiteElo "2564"]
[BlackElo "2456"]
[Annotator "TA"]
[PlyCount "51"]
[EventDate "2018.??.??"]
[EventType "swiss"]
[EventCountry "URU"]
[SourceTitle "playchess.com"]
[Source "ChessBase"]
[SourceQuality "1"]

{[%evp 25,51,44,56,56,52,52,46,14,21,20,19,19,18,23,7,14,35,31,30,0,0,0,0,0,0,0,26,34]} 1. e4 c5 2. Nf3 Nc6 3. d4 cxd4 4. Nxd4 g6 5. c4 Bg7 6. Be3 Nf6 7. Nc3 Ng4 8. Qxg4 Nxd4 9. Qd1 e5 10. Bd3 d6 11. O-O O-O 12. Qd2 Be6 13. b3 {B39: Sizilianisch (Maroczy-Aufbau)} a6 {LiveBook: 3 Partien} 14. Ne2 (14. Rad1 Qd7 15. Kh1 b5 16. Nd5 Bxd5 17. cxd5 f5 18. Bxd4 fxe4 19. Bxe5 Bxe5 20. Bxe4 Qg4 {½-½ (50) Bruzon Batista,L (2673)-Edouard,R (2612) Saint Louis 2018}) 14... b5 15. cxb5 {Weiß steht etwas besser.} axb5 16. Qb4 $146 {[%cal Re2d4]} ({Vorgänger:} 16. Rad1 Qa5 17. Bxd4 exd4 18. Qxa5 Rxa5 19. Bb1 d5 20. exd5 Bxd5 21. Nxd4 {1-0 (61) Matanovic,A-Toran Albero,R Beverwijk 1957}) 16... d5 {[#] Und ...dxe4 würde nun gewinnen.} 17. Bxd4 exd4 18. Nf4 dxe4 19. Nxe6 fxe6 20. Bxe4 Qa5 21. Qe7 Rfe8 22. Qg5 b4 23. Qg4 Rac8 24. Bd3 Rc3 25. Bc4 Qf5 26. Qxf5 {Precision: Weiß = 76%, Schwarz = 85%.} 1/2-1/2